000 00735cam0a220021700 4500
001 tmp15935820
003 UPRA
005 20190822104607.0
008 951114s1977 ru eng u
035 _a(Sirsi) r50270
035 _a(UPRA)tmp15935820
040 _cUPRA
100 1 _aStrflkova, Irina.
_6A8274.1
245 1 0 _aPlaying the game :
_ba short novel.
260 _aMoscow :
_bRadiga Pub.,
_c1977.
949 _aPG3488.T7
_wlcc
_i-63278
_mMAIN
_tBOOK
_lON-SHELF
949 _aPG3488.T7
_wlcc
_i33729005173146
_mMAIN
_tBOOK
_lON-SHELF
004 50270
987 _aAuthor : unreadable?
_bis Strflkova the correct last name?
987 _aHoldings : use?
_bTwo cards had same accession number. How many copies does library have?
999 _c130774
_d130774